| 000 | 00337nam a2200133Ia 4500 | ||
|---|---|---|---|
| 005 | 20251222144814.0 | ||
| 008 | 251222s9999||||xx |||||||||||||| ||spa|| | ||
| 020 | _a958-20-0257-3 | ||
| 082 | _a371.32/R44 | ||
| 100 | _aRestrepo Mesa, María Consuelo | ||
| 245 | 0 | _aProducción de Textos Educativos | |
| 264 | _bMagisterio | ||
| 942 | _cLIB | ||
| 999 |
_c20210 _d20210 |
||